Marxisme et la philosophie du langage : essai d¡application de la méthode sociologique en linguistique /
Uloženo v:
| Hlavní autor: | |
|---|---|
| Další autoři: | |
| Médium: | Kniha |
| Jazyk: | francouzština |
| Vydáno: |
París, Francia :
Editions de Minuit,
1977, c1977
|
| Edice: | (Lingüística y Teoría Literaria)
|
| Témata: | |
| Tagy: |
Žádné tagy, Buďte první, kdo vytvoří štítek k tomuto záznamu!
|
MARC
| LEADER | 00000nam^a2200000^a^4500 | ||
|---|---|---|---|
| 001 | 000184528 | ||
| 005 | 20250521000000.0 | ||
| 009 | 20260310102119.482 | ||
| 020 | |a 2-7073-0151-5 | ||
| 037 | |a Acervo ITESO - Biblioteca | ||
| 041 | |a FRA | ||
| 082 | |a 149. 94 |b BAJ | ||
| 100 | |a Bajtin, Mijail M. |e (autor) | ||
| 245 | 1 | 3 | |a Marxisme et la philosophie du langage : |b essai d¡application de la méthode sociologique en linguistique / |c M.M. Bajtín ; pref. de R. Jakobson ; tr. por Marina Yaguello. |
| 264 | 4 | |a París, Francia : |b Editions de Minuit, |c 1977, c1977 | |
| 300 | |a 233 p. | ||
| 336 | |a texto |b txt |2 rdacontenido | ||
| 337 | |a sin mediación |b n |2 rdamedio | ||
| 338 | |a volumen |b nc |2 rdasoporte | ||
| 440 | 1 | |a (Lingüística y Teoría Literaria) | |
| 500 | |a Traducción de: Marksizm i filosofija jazyka | ||
| 649 | |a XX | ||
| 650 | |a Sintáctica | ||
| 650 | |a Semiótica | ||
| 650 | |a Lingüística | ||
| 650 | |a Filosofía del Lenguaje | ||
| 700 | |a Jakobson, Roman |e (prólogo) | ||
| 910 | |a Fondo Armando Suárez Gómez | ||
| 920 | |a Impresos - Libros | ||
| 930 | |a Fondos Especiales | ||
| 905 | |a 111 | ||
| 901 | |a 0700004738 |b IT2 |c ESP |u 20250521 | ||
| 902 | |a https://opac.biblio.iteso.mx/vufind/Record/000184528 | ||